| 000 | 00882nam a22002897a 4500 | ||
|---|---|---|---|
| 001 | 86538 | ||
| 003 | DO-SdBNP | ||
| 005 | 20180122131846.0 | ||
| 007 | 86538 | ||
| 008 | 120403s1999 sp n spa | ||
| 020 | _a8481301876 | ||
| 040 |
_aBPMSU _bspa _cBPMSU |
||
| 082 |
_2823.8 _aB78c |
||
| 100 | 1 |
_aBrontë, Emily _d1818-1848 |
|
| 245 | 1 | 0 |
_aCumbres borrascosas / _cEmely Brontë ; prólogo Paula Izquierdo ; traducción María Rosa Lida |
| 260 |
_aMadrid : _bMilenium _c1999 |
||
| 300 |
_a315 p. : _c22 cm. |
||
| 490 | _aMilenium. Las 100 joyas del Milenium | ||
| 650 | 7 | _aNOVELAS INGLESAS | |
| 700 |
_aLida, María Rosa _etr |
||
| 700 |
_aIzquierdo, Paula _epról. |
||
| 830 | _aMilenium. Las 100 joyas del Milenium | ||
| 830 | _aBiblioteca El mundo | ||
| 942 |
_2ddc _cBK |
||
| 945 | _aInventariado extranjero / 2018 VM | ||
| 956 |
_aVMATEO _210 _320151105 _6BPM SU _800151 |
||
| 999 |
_c8560 _d8560 |
||